000 00578nam a2200181 i 4500
001 81315
003 ES-MaACL
005 20230906174419.0
007 t|
008 041104q19401949zzz ||||1| spa d
100 1 _aHoyos Sáinz, Luis de,
_d1868-1951
_964437
245 1 0 _aPrevaloración antropométrica de la infancia /
_cpor Luis de Hoyos Sáinz.
260 _a[S.l. :
_bs.n.,
_c194-?]
300 _a4 h. ;
_c24 cm.
500 _aEs separata de: Revista Las Ciencias. Madrid, Año XI, nº 3, pág. 526-532.
852 _aES-MaACL
_j1864-F-17
999 _c81315
_d81315